LEADER 01132naa a2200229 u 4500 001 000000095373 003 CaOOAMICUS 005 20070226130142.0 008 040628s1976 be u000 u fre u 020 $a9061860431 035 $a11002274 040 $aIAR$bita 100 1 $aLeclercq, Jean,$cO.S.B.,$d1911-1993.$0(OLS)http://pul/name/3420 245 12$aL'hérésie d'après les écrits de S. Bernard de Clairvaux /$cJean Jeclercq. 260 $aLeuven :$bLeuven University Press ;$aThe Hague :$bNijhoff,$c1976. 300 $aS. 12-26, ;$c26 cm 773 0 $aThe concept of heresy in the middle ages (11th - 13th c.). 773 0 $tThe Concept of heresy in the Middle Ages (11th-13th c.) : proceedings of the international conference [held by the Institute of Medieval Studies] Louvain, May 13-16, 1973$w()56465 996 $6020$a9061860431$9(OLS)http://pul/number/71203 996 $6245$aL'hérésie d'après les écrits de S. Bernard de Clairvaux$9(OLS)http://pul/title/122247 996 $6260$aLeuven :$bLeuven University Press$9(OLS)http://pul/publisher/48301 996 $6260$aThe Hague :$bNijhoff$9(OLS)http://pul/publisher/51810 LEADER 01316naa a2200253 a 4500 001 000000120324 003 CaOOAMICUS 005 20100225101859.0 008 100225t2010 it u000 ubita r 040 $aPUL$bita$dReb 100 1 $aBrunetta, Gian Piero.$0(OLS)http://pul/name/23534 245 13$aIl cinema muto italiano. Da "la presa di Roma" a "Sole" :$b1905-1929 /$cGian Piero Brunetta. 260 $aMilano :$bIl Sole 24 ore,$c©2010$aTorino :$bGiulio Einaudi 300 $aviii, 475 p. ;$c22 cm. 500 $aEdizione speciale per il Sole 24 Ore. Pubblicata su licenza di Giulio Einaudi editore. 504 $aNote e bibliografie p. 363-440. 650 4$aCinema muto$zItalia$xStoria e critica$y1905-1929.$0(OLS)http://pul/subject/36511 773 1 $tStoria del cinema mondiale.$dMilano : Il Sole 24 ore, ©2009 Torino : Giulio Einaudi $w()118347 850 $aPUL 852 $aPUL$W1$xDP2 Cons. Gen., Altre Classi 3$y97$m791. 4 COLL 1.13$j137962$qDDC 21$B137121$CPULBib$Z2$F137121 $H112997 $82 941 1 $a9 996 $6245$aIl cinema muto italiano. Da "la presa di Roma" a "Sole" :$b1905-1929$9(OLS)http://pul/title/151344 996 $6260$aMilano :$bIl Sole 24 ore$9(OLS)http://pul/publisher/69212 996 $6260$aTorino :$bGiulio Einaudi$9(OLS)http://pul/publisher/54573